Economics of transport.

Bibliographic Details
Main Author: Troxel, Charles Emery, 1908-
Format: Book
Language:English
Published: New York : Rinehart, [1955]
Subjects:

MARC

Tag First Indicator Second Indicator Subfields
LEADER 00000cam a2200000 4500
001 in00000083761
005 20151008053147.0
008 721122s1955 nyu 00000 eng u
010 |a  55010136  
035 |a (OCoLC)00500719 
035 |9 AAH6464AM 
040 |c CSU  |d TXA  |d UtOrBLW 
049 |a TXAM  |c [263430] 
050 0 |a HE151  |b .T73 
092 |a 385  |b T863e 
100 1 |a Troxel, Charles Emery,  |d 1908- 
245 1 0 |a Economics of transport. 
264 1 |a New York :  |b Rinehart,  |c [1955] 
300 |a 837 pages :  |b illustrations ;  |c 25 cm. 
336 |a text  |b txt  |2 rdacontent 
337 |a unmediated  |b n  |2 rdamedia 
338 |a volume  |b nc  |2 rdacarrier 
650 0 |a Transportation. 
999 |a MARS 
999 f f |s 48370260-0e4b-3608-9529-58da44ea1ee9  |i 6ded88dd-bde9-3b5f-9b98-f8e099bb2a70  |t 0 
952 f f |p ric  |a Texas A&M University  |b Rellis Campus  |c Joint Library Facility  |d Remote Storage  |t 0  |e HE151 .T73  |h Library of Congress classification  |i unmediated -- volume  |m A14800878832 
998 f f |a HE151 .T73  |t 0  |l Remote Storage